Národná banka Slovenska sa posúva od sledovania čistej inflácie k širšej jadrovej inflácii

Podrobná bibliografia
Hlavný autor: Štefanides, Zdeno (Autor)
Médium: Článok
Jazyk:slovenčina
Fyzický popis:Graf, tab.
ISSN:1335-0684
Predmet:

MARC

LEADER 00000nab a2200000 a 4500
001 vtls000712218
003 SK-MaSNL
005 20260305015005.0
008 180206c1999 xo 0 slo
015 |a SNBRB2000/02-06021 
035 |a CLN000064385 
040 |a SNKBUCL  |b slo  |c SNKBUCL  |e AACR2 
041 0 |a slo 
044 |a xo  |c SK 
080 |a 336.748.12(437.6):336.711(437.6)  |2 UDC-MRF-SK2 
080 |a 336.711(437.6)  |2 UDC-MRF-SK2 
100 1 |a Štefanides, Zdeno  |4 aut  |9 1547057 
245 1 0 |a Národná banka Slovenska sa posúva od sledovania čistej inflácie k širšej jadrovej inflácii  |c Zdeno Štefanides 
300 |b Graf, tab. 
610 2 7 |a Národná banka Slovenska  |2 snkbucl  |9 14536 
650 0 7 |a inflácia  |2 snkbucl  |9 2290 
650 0 7 |a menová politika  |2 snkbucl  |9 2307 
655 7 |a články z novín a časopisov  |2 snkbucl  |9 267496 
773 0 |x 1335-0684  |t Trend  |g Roč. 9, č. 48 (1999), s. 11A 
850 |a Slovenská národná knižnica v Martine 
852 |a SNK  |b KIS3GCP 
958 |a RBX 
999 |c 3272467  |d 3274397